Linear programming methods

Gorde:
Xehetasun bibliografikoak
Egile nagusia: Heady, Earl Orel
Formatua: Liburua
Hizkuntza:Undetermined
Argitaratua: Ames Iowa State College Press [1958]
Gaiak:
Etiketak: Etiketa erantsi
Etiketarik gabe, Izan zaitez lehena erregistro honi etiketa jartzen!
Thư viện lưu trữ: Trung tâm Học liệu Trường Đại học Cần Thơ
LEADER 00525nam a2200181Ia 4500
001 CTU_23757
008 210402s9999 xx 000 0 und d
082 |a 519.72 
082 |b H433 
100 |a Heady, Earl Orel 
245 0 |a Linear programming methods 
245 0 |c Earl O Heady, Wilfred Candler 
260 |a Ames 
260 |b Iowa State College Press 
260 |c [1958] 
650 |a Linear programming,Business mathematics 
904 |i Phượng, Mai 
980 |a Trung tâm Học liệu Trường Đại học Cần Thơ